000
00277nam a22001217a 4500
008
180302b xxu||||| |||| 00| 0 eng d
041
_a
eng
080
_a
159.9
100
_a
49
101
_a
psi
245
_a
porsoning the minds of lower orders
_c
don.h
942
_2
udc
_c
BK
999
_c
43989
_d
43989